header

Sheila Rae, the brave (Record no. 263216)

MARC details
000 -LEADER
fixed length control field 00274nam a22001097a 4500
020 ## - INTERNATIONAL STANDARD BOOK NUMBER
ISBN 0688071562
100 ## - MAIN ENTRY--AUTHOR NAME
Personal name Henkes, Kevin.
245 ## - TITLE STATEMENT
Title Sheila Rae, the brave
260 ## - PUBLICATION, DISTRIBUTION, ETC. (IMPRINT)
Place of publication New York :
Name of publisher Greenwillow Books,
Year of publication 1987.
300 ## - PHYSICAL DESCRIPTION
Number of Pages [32] p. : |
Other physical details col. ill. ;
942 ## - ADDED ENTRY ELEMENTS (KOHA)
Koha item type Long Loan Books
Holdings
Withdrawn status Lost status Collection code Home library Current library Shelving location Date acquired Accession Number Koha item type
    Fiction Rongo University Library Rongo University Library Children's Area 05/03/2024 CL8642021 Long Loan Books

© 2026 Rongo University
Contact us: librarian | system librarian | Rongo university